header

Counseling adults in transition (Record no. 249951)

MARC details
000 -LEADER
fixed length control field 01597nam a2200385Ia 4500
082 04 - DEWEY DECIMAL CLASSIFICATION NUMBER
Classification number 158/.3
100 1# - MAIN ENTRY--AUTHOR NAME
Personal name Goodman, Jane,
245 10 - TITLE STATEMENT
Title Counseling adults in transition
250 ## - EDITION STATEMENT
Edition statement 3rd ed. /
260 ## - PUBLICATION, DISTRIBUTION, ETC. (IMPRINT)
Place of publication New York :
Name of publisher Springer Pub. Co.,
Year of publication c2006.
300 ## - PHYSICAL DESCRIPTION
Number of Pages xvii, 334 p. :
Other physical details ill.
500 ## - GENERAL NOTE
General note Rev. ed. of: Counseling adults in transition / Nancy K. Schlossberg, Elinor B. Waters, Jane Goodman.
650 #0 - SUBJECT ADDED ENTRY--TOPICAL TERM
Topical Term Counseling.
Topical Term Adulthood.
Topical Term Middle age
Topical Term Middle-aged persons
700 1# - ADDED ENTRY--PERSONAL NAME
Personal name Schlossberg, Nancy K.,
Personal name Anderson, Mary L.
Personal name Schlossberg, Nancy K.,
856 40 - ELECTRONIC LOCATION AND ACCESS
Uniform Resource Identifier http://site.ebrary.com/lib/rucke/Doc?id=10171371

No items available.

© 2026 Rongo University
Contact us: librarian | system librarian | Rongo university